| 000 | 00603nam a2200205 a 4500 | ||
|---|---|---|---|
| 001 | 11460 | ||
| 003 | CO-ViMGA | ||
| 008 | 141112s2004 ck r 000 u spa d | ||
| 020 | _a8428323364 | ||
| 040 |
_aCO-ViMGA _bspa _cCO-ViMGA |
||
| 082 | 0 | 4 | _aR658.15937 G155d |
| 100 | 1 |
_aGallego, Jesus Felipe; Peyrolón Melendo, Ramón _915928 |
|
| 245 | 1 | 0 | _aDicccionario de Hosteleria |
| 260 |
_aMadríd (E), _cParaninfo, _c1999 |
||
| 300 | _a486.p. | ||
| 650 | 1 | 4 |
_aCAFETERIA - BAR _915929 |
| 650 | 1 | 4 |
_aHOTELERIA Y TURISMO - DICCIONARIO _915930 |
| 650 | 1 | 4 |
_aRESTAURANTE - GASTRONOMIA _915931 |
| 942 |
_2ddc _cBK |
||
| 999 |
_c22656 _d22656 |
||